<?xml version="1.0" encoding="UTF-8"?><?xml-stylesheet type="text/xsl" href="static/style.xsl"?><OAI-PMH xmlns="http://www.openarchives.org/OAI/2.0/" xmlns:xsi="http://www.w3.org/2001/XMLSchema-instance" xsi:schemaLocation="http://www.openarchives.org/OAI/2.0/ http://www.openarchives.org/OAI/2.0/OAI-PMH.xsd"><responseDate>2026-06-30T03:14:34Z</responseDate><request verb="GetRecord" identifier="oai:docta.ucm.es:20.500.14352/49526" metadataPrefix="marc">https://docta.ucm.es/rest/oai/request</request><GetRecord><record><header><identifier>oai:docta.ucm.es:20.500.14352/49526</identifier><datestamp>2024-07-19T17:09:07Z</datestamp><setSpec>com_20.500.14352_14</setSpec><setSpec>col_20.500.14352_15</setSpec></header><metadata><record xmlns="http://www.loc.gov/MARC21/slim" xmlns:dcterms="http://purl.org/dc/terms/" xmlns:xsi="http://www.w3.org/2001/XMLSchema-instance" xmlns:doc="http://www.lyncode.com/xoai" xsi:schemaLocation="http://www.loc.gov/MARC21/slim http://www.loc.gov/standards/marcxml/schema/MARC21slim.xsd">
   <leader>00925njm 22002777a 4500</leader>
   <datafield ind2=" " ind1=" " tag="042">
      <subfield code="a">dc</subfield>
   </datafield>
   <datafield ind2=" " ind1=" " tag="720">
      <subfield code="a">Dahlquist, Juan A.</subfield>
      <subfield code="e">author</subfield>
   </datafield>
   <datafield ind2=" " ind1=" " tag="720">
      <subfield code="a">Alasino, Pablo H.</subfield>
      <subfield code="e">author</subfield>
   </datafield>
   <datafield ind2=" " ind1=" " tag="720">
      <subfield code="a">Galindo Francisco, María Del Carmen</subfield>
      <subfield code="e">author</subfield>
   </datafield>
   <datafield ind2=" " ind1=" " tag="720">
      <subfield code="a">Rapela, Carlos W.</subfield>
      <subfield code="e">author</subfield>
   </datafield>
   <datafield ind2=" " ind1=" " tag="720">
      <subfield code="a">Saavedra, Julio</subfield>
      <subfield code="e">author</subfield>
   </datafield>
   <datafield ind2=" " ind1=" " tag="720">
      <subfield code="a">Casquet Martín, César</subfield>
      <subfield code="e">author</subfield>
   </datafield>
   <datafield ind2=" " ind1=" " tag="720">
      <subfield code="a">Baldo, Edgardo G.</subfield>
      <subfield code="e">author</subfield>
   </datafield>
   <datafield ind2=" " ind1=" " tag="720">
      <subfield code="a">González Casado, José Manuel</subfield>
      <subfield code="e">author</subfield>
   </datafield>
   <datafield ind2=" " ind1=" " tag="720">
      <subfield code="a">Fanning, C.M.</subfield>
      <subfield code="e">author</subfield>
   </datafield>
   <datafield ind2=" " ind1=" " tag="260">
      <subfield code="c">2006-03</subfield>
   </datafield>
   <datafield ind2=" " ind1=" " tag="520">
      <subfield code="a">El granate es un mineral accesorio poco común en rocas ígneas y constituye un tema relevante de la petrología ígnea. Estudios combinados de petrología,
química mineral, geoquímica de roca total y geoquímica isotópica en el cerro Asperecito indican que los granitoides con granate que forman el Granito
Peñón Rosado (GPR) fueron producidos por la fusión parcial de rocas metasedimentarias con subsecuente diferenciación durante su emplazamiento en el
Ordovícico temprano-medio. En este sentido, la facies GPR1 representa un cristalizado temprano, la facies GPR2 representa un fundido diferenciado, y la
facies GPR3 un fundido residual. El Granito Peñón Rosado, fue emplazado en condiciones de alta temperatura (785ºC) y presión media (4,4 kb) en profundidades
de la corteza media ( 15 km). El emplazamiento casi sincrónico en la corteza media de una abundante suite metaluminosa durante el Ordovícico
inferior-medio (468 Ma en el cerro Asperecito) fue suficiente para inducir anatexis local de los metasedimentos circundantes. Los contenidos de elementos
mayoritarios (CaO, Na2O) y elementos traza (Rb, Sr, Ba) en el Granito Peñón Rosado sugieren anatexis a partir de un material inmaduro acumulado en un
plataforma continental. Así, el Granito Peñón Rosado es un típico granitoide tipo-S con granate y el modelo establecido aquí puede contribuir a un mejor
entendimiento acerca de la cristalización del granate en rocas graníticas.</subfield>
   </datafield>
   <datafield ind1="8" ind2=" " tag="024">
      <subfield code="a">0004-4822</subfield>
   </datafield>
   <datafield ind1="8" ind2=" " tag="024">
      <subfield code="a">https://hdl.handle.net/20.500.14352/49526</subfield>
   </datafield>
   <datafield ind1="8" ind2=" " tag="024">
      <subfield code="a">http://www.scielo.org.ar/revistas/raga/iaboutj.htm</subfield>
   </datafield>
   <datafield ind2="0" ind1="0" tag="245">
      <subfield code="a">Evolución magmática del Granito Peñón Rosado, cerro Asperecito, flanco occidental de la Sierra de Famatina</subfield>
   </datafield>
</record></metadata></record></GetRecord></OAI-PMH>